| 000 | 00522nam a2200169 4500 | ||
|---|---|---|---|
| 001 | 117689 | ||
| 003 | ES-MaACL | ||
| 007 | t| | ||
| 008 | 070214s1973 ag r ||||1| spa d | ||
| 245 | 0 | 0 |
_aPapel de la educación en el desarrollo nacional / _cDon Adams (compilador) ; versión de Marta Mastrogiacomo. |
| 250 | _a1ª ed. | ||
| 260 |
_aBuenos Aires : _bPaidos, _c1973. |
||
| 300 |
_a281 p. ; _c20 cm. |
||
| 700 | 1 |
_aAdams, Don. _918382 |
|
| 700 | 1 |
_aMastrogiacomo, Marta. _978874 |
|
| 852 |
_aES-MaACL _jE-6131 _bR.90464 |
||
| 999 |
_c117689 _d117689 |
||